Bienes comunes y democracia: crítica del individualismo posesivo
Kaydedildi:
| Yazar: | |
|---|---|
| Materyal Türü: | Kitap |
| Dil: | İspanyolca |
| Baskı/Yayın Bilgisi: |
Santiago
Lom Ediciones
2017
|
| Edisyon: | 1a. ed |
| Seri Bilgileri: | Filosofía. Ciencias Sociales y Humanas
|
| Konular: | |
| Etiketler: |
Etiketle
Etiket eklenmemiş, İlk siz ekleyin!
|
MARC
| LEADER | 00000cam a2200000 a 4500 | ||
|---|---|---|---|
| 001 | UCD9727 | ||
| 003 | CL-VaPUC | ||
| 008 | 170630e20170300cl |||||||||||||||||spa|d | ||
| 020 | |a 9789560008930 | ||
| 082 | 0 | 4 | |a 301 |b RAM |2 21 |
| 100 | 0 | |a Ramis Olivos, Alvaro |e author |9 593349 | |
| 245 | 1 | 0 | |a Bienes comunes y democracia: crítica del individualismo posesivo |
| 250 | |a 1a. ed | ||
| 300 | |a 426 p | ||
| 942 | |c BK | ||
| 945 | |d 20170630 21:31:00 |a arojas | ||
| 260 | |a Santiago |b Lom Ediciones |c 2017 | ||
| 650 | 0 | |a Sociología |9 255410 | |
| 650 | 7 | |a BIENES COMUNES |2 CL-VaPUC |9 427182 | |
| 650 | 0 | |a Democracia |9 255256 | |
| 650 | 0 | |a Individualismo |9 313336 | |
| 583 | |a last modification |c 20170630 21:31:00 |k Rodrigo Vera | ||
| 490 | 0 | |a Filosofía. Ciencias Sociales y Humanas | |
| 999 | |c 368756 |d 368754 | ||
| 952 | |0 0 |1 0 |3 erb |4 0 |6 301_000000000000000_RAM_2017 |7 0 |8 A |9 484191 |a BIBTEO |b BIBTEO |i 5403324 |o 301 RAM 2017 |p 5403324 |r 2025-01-17 |w 2019-11-24 |y BK |z Catalogado en:20170630 |k ICR | ||